000 00682nam a22002177a 4500
005 20170124110044.0
010 _aB-058554
020 _c00.00
_a8176482498
035 _aB-058554
037 _bCen Lib/Ret
040 _aDPL
_bEN
082 _a781.7
_bTHI
100 _aThielemann, Selina
_924279
245 _aThe spirituality of music /
_cby Selina Thielemann
260 _aNew Delhi
_bA. P. H. Publishing Corporation
_c2001
270 _a5, Ansari Road, Darya Ganj
_bNew Delhi
_e110002
300 _a218p.
_c25cm(Hb)
650 _aMusic -- Religious aspects
_924280
650 _aMusic -- Philosophy and aesthetics
_924281
942 _2ddc
_cEN
_h781.7
_mTHI
999 _c128740
_d128740